Statistics for Guess the continents by clues (+ sub continents)

Click here to take the quiz!

General Stats

  • This quiz has been taken 38 times
  • The average score is 10 of 13

Answer Stats

clueAnswer% Correct
Has a lot of culture and safari animals such as elephantsafrica
97%
Is the biggest continent and the most populatedAsia
97%
What continent is the Maldives located in?asia
97%
Has the least amount of countries out of every continentSouth America
94%
Has lots of research stations, has no human population but lots of penguinsAntarctica
91%
Has lots of tourist attractions and is touching the Mediterranean SeaEurope
91%
Known for its lots of famous landmarks and islandsNorth America
91%
Known for its lots of islands and is very scarceOceania
84%
bonus questions. type in ok to continueok
69%
What country is the biggest country in the the world, and is touching europe & asiarussia
66%
It includes India,Nepal,Bangladesh,Sri Lanka, and bhutan.indian
56%
It is touching the red sea and has the city of dubai in itmiddle east
56%
What 3 continents are all connected? (from north to south and do not spell "and")eurasia africa
6%

Score Distribution

Percentile by Number Answered

Percent of People with Each Score

Your Score History

You have not taken this quiz